Städte und Gemeinden in der Region Hannover mit Karte - Statistiken

Allgemein
  • Dieses Quiz wurde 959 mal gespielt
  • Das Durchschnittsergebnis liegt bei 14 aus 21
Antworten auf der Karte
Die Antworten werden auf der Karte rot bzw. grün angezeigt, abhängig davon wie oft sie richtig erraten wurden.
 
Antwortstatistiken
Stadt oder Gemeinde % Korrekt
Hannover
93%
Langenhagen
86%
Laatzen
80%
Garbsen
79%
Neustadt am Rübenberge
76%
Wunstorf
73%
Burgdorf
72%
Lehrte
70%
Isernhagen
68%
Seelze
67%
Springe
61%
Barsinghausen
60%
Burgwedel
60%
Ronnenberg
57%
Sehnde
56%
Hemmingen
55%
Pattensen
55%
Wedemark
54%
Gehrden
52%
Wennigsen am Deister
50%
Uetze
49%
Keine übereinstimmenden Quizze gefunden
Verteilung der Resultate
Anzahl Personen mit jedem Resultat
Perzentil nach korrekt beantworteten Fragen
Ihre Resultats-Entwicklung
Sie haben dieses Quiz noch nicht gespielt